01225nas a2200385 4500001001300000003000900013005001700022007000300039008003400042040005400076041000900130072000800139100001600147100001900163100002000182100001700202100001900219100001900238100001500257245008000272650001000352650001600362650001000378650001400388650001800402650001200420650002900432650001800461650002000479773010600499909004000605942001800645999001900663952015700682BR2012009798BR-BrBNA20231205121722.0ta230509b bl.|||p| |||| 00| 00por d aBR-BrBNAbporcBiblioteca Nacional de Agricultura a(Pt) aQ021 aDamiani, C.1 aSilva, F.A. da1 aRodovalho, E.C.1 aBecker, F.S.1 aAsquieri, E.R.1 aOliveira, R.A.1 aLage, M.E.1 aAproveitamento de resíduos vegetais para produção de farofa temperada aFRUTA aHORTALIÇA aCASCA aRESÍDUO aPROCESSAMENTO aFARINHA aCOMPOSIÇÃO QUÍMICA aÁCIDO GRAXO aVALOR NUTRITIVO0 tAlimentos e Nutrição (Brazil)xISSN 0103-4235 g(Oct-Dec 2011), v. 22(4) p. 657-662wBR2012009798 a202311bLúciac55dLúcia Elande 2AGRISn0cANA c224891d224891 002AGRIS4071a41918b41918cPeriódicos Agrícolash(Oct-Dec 2011), v. 22(4) p. 657-662l0r2023-11-29t01yCRePortaria Interministerial nº 164/94